000 00545nam a2200217Ia 4500
003 OSt
005 20220923230716.0
006 a|||||r|||| 00| 0
007 ta
008 Pun
024 _a304,951
037 _cTextual
040 _aARTS
_cARTS
_bPun
041 _2Pun
_aPun
082 _aU8.44Q73.N8, 153N0
100 _aਸਵਰਨ ਸਿੰਘ
245 0 _aਨਾਵਣ ਚਲੇ ਤੀਰਥੀ
260 _c1990
942 _hU8.44Q73.N8, 153N0
_cTEXL
_2CC
999 _c386756
_d386756